Tell Me How - Paramore - Statistics

General Stats
  • This quiz has been taken 11 times
  • The average score is 215 of 283
Answer Stats
Hint Answer % Correct
how
100%
me
100%
Chorus Tell
100%
tell
100%
a
86%
about
86%
But
86%
but
86%
Do
86%
go?
86%
Verse 1 I
86%
if
86%
I'm
86%
know
86%
let
86%
no
86%
now
86%
to
86%
you
86%
You
86%
call
71%
can
71%
can't
71%
don't
71%
erased
71%
feel
71%
get
71%
getting
71%
have
71%
is
71%
it
71%
it's
71%
just
71%
of
71%
Of
71%
Oh
71%
or
71%
still
71%
stranger
71%
suffocate
71%
that
71%
think
71%
Verse 2 Think
71%
won't
71%
your
71%
Your
71%
again
57%
all
57%
always
57%
And
57%
any
57%
believe
57%
ever
57%
guess
57%
haven't
57%
my
57%
new
57%
off
57%
over
57%
see
57%
the
57%
tired
57%
yet
57%
addiction
43%
beginnings
43%
chest
43%
coming
43%
convictions
43%
dancing
43%
defenses
43%
down
43%
fight
43%
fog
43%
good
43%
got
43%
hate
43%
in
43%
Bridge Keep
43%
may
43%
most
43%
one's
43%
own
43%
quiet
43%
sick
43%
silence
43%
something
43%
starting
43%
stronger
43%
Take
43%
than
43%
they're
43%
up
43%
violent
43%
weapons
43%
wildly
43%
winning
43%
with
43%
memory
29%
replaced
0%
No matching quizzes found
Score Distribution
Percent of People with Each Score
Percentile by Number Answered
Your Score History
You have not taken this quiz